000 00197 a2200097 4500
020 _a9781595668165
041 _aspa
100 _aCamilla de la Bedoyare
245 _aDe huevo a Gallina
942 _cK
999 _c26163
_d26163